Z Koncepcie decentralizácie a modernizácie verejnej správy

Najzaujímavejšie časti Koncepcie decentralizácie a modernizácie verejnej správy, ktorú posudzovala Rada vlády pre verejnú správu na rokovaní 27. januára 2000. Návrh územného a správneho usporiadania, organizácie a financovania verejnej správy a návrh postupu prípravy a realizácie reformy. Schéma náv...

Descrizione completa

Salvato in:
Dettagli Bibliografici
Natura: Capitolo di libro
Lingua:slovacco
Soggetti:
Tags: Aggiungi Tag
Nessun Tag, puoi essere il primo ad aggiungerne!!

MARC

LEADER 00000naa a2200000 4500
001 r037552
005 20230824104756.1
041 0 |a slo 
044 |a SK 
245 1 0 |a Z Koncepcie decentralizácie a modernizácie verejnej správy 
520 |a Najzaujímavejšie časti Koncepcie decentralizácie a modernizácie verejnej správy, ktorú posudzovala Rada vlády pre verejnú správu na rokovaní 27. januára 2000. Návrh územného a správneho usporiadania, organizácie a financovania verejnej správy a návrh postupu prípravy a realizácie reformy. Schéma návrhu vzťahov vo verejnej správe. 
610 2 0 |a správa verejná 
610 2 0 |a decentralizácia 
610 2 0 |a modernizácia 
610 2 0 |a reformy 
610 2 0 |a usporiadanie územné 
610 2 0 |a usporiadanie správne 
610 2 0 |a organizácia 
610 2 0 |a financovanie 
610 2 0 |a voľby 
610 2 0 |a samospráva 
610 2 0 |a správa štátna 
610 2 0 |a Slovensko 
610 2 0 |a vláda 
610 2 0 |a koncepcie